Statistiques concernant Les musiciens de groupe

Cliquez ici pour prendre le quiz!

Statistiques générales

  • Ce quiz a été pris 45 fois
  • Le résultat moyen est 49 sur 80

Statistiques - réponses

QuestionTuileSelect% Correct
Angus YoungPINK FLOYDNon
93%
Syd BarrettAC/DCNon
91%
Roger DaltreyAC/DCNon
91%
Roger DaltreyTHE CURENon
91%
Angus YoungTHE CURENon
88%
Angus YoungTHE WHONon
88%
Dave EvansPINK FLOYDNon
86%
Angus YoungAC/DCOui
84%
David GilmourTHE CURENon
84%
Lol TolhurstPINK FLOYDNon
81%
David GilmourAC/DCNon
79%
Keith MoonTHE CURENon
79%
Keith MoonAC/DCNon
77%
Angus YoungPINK FLOYDNon
77%
Doug SandomPINK FLOYDNon
77%
John EntwistlePINK FLOYDNon
77%
Syd BarrettTHE CURENon
77%
Nick MasonTHE CURENon
77%
Dave EvansTHE WHONon
77%
David GilmourTHE WHONon
77%
Lol TolhurstAC/DCNon
74%
Doug SandomAC/DCNon
74%
Pete TownshendTHE CURENon
74%
Robert SmithAC/DCNon
72%
David GilmourPINK FLOYDOui
72%
.Mark CeccagnoPINK FLOYDNon
72%
Roger DaltreyPINK FLOYDNon
72%
Larry Van KriedtTHE CURENon
72%
Syd BarrettTHE WHONon
72%
Peter O'TooleAC/DCNon
70%
Nick MasonAC/DCNon
70%
John EntwistleAC/DCNon
70%
Pete TownshendAC/DCNon
70%
Robert SmithTHE WHONon
70%
Lol TolhurstTHE WHONon
70%
Nick MasonTHE WHONon
70%
Larry Van KriedtPINK FLOYDNon
67%
Tony CurrentiPINK FLOYDNon
67%
Angus YoungTHE CURENon
67%
Angus YoungTHE WHONon
67%
Angus YoungAC/DCOui
65%
Pete TownshendPINK FLOYDNon
65%
Michael DempseyPINK FLOYDNon
65%
Robert SmithPINK FLOYDNon
65%
.Mark CeccagnoAC/DCNon
63%
Michael DempseyAC/DCNon
63%
Roger DaltreyTHE WHOOui
63%
Bob KloseTHE WHONon
63%
Peter O'ToolePINK FLOYDNon
60%
Colin BurgessTHE WHONon
60%
Colin BurgessPINK FLOYDNon
56%
Pete TownshendTHE WHOOui
56%
Bob KloseAC/DCNon
53%
Robert SmithTHE CUREOui
53%
Tony CurrentiTHE CURENon
51%
.Mark CeccagnoTHE WHONon
51%
Larry Van KriedtTHE WHONon
51%
Michael DempseyTHE WHONon
51%
Syd BarrettPINK FLOYDOui
49%
Nick MasonPINK FLOYDOui
49%
Dave EvansTHE CURENon
49%
Lol TolhurstTHE CUREOui
49%
John EntwistleTHE CURENon
49%
Bob KloseTHE CURENon
49%
Tony CurrentiTHE WHONon
49%
Keith MoonPINK FLOYDNon
47%
Keith MoonTHE WHOOui
47%
Doug SandomTHE CURENon
42%
Colin BurgessTHE CURENon
40%
Peter O'TooleTHE WHONon
40%
John EntwistleTHE WHOOui
37%
Larry Van KriedtAC/DCOui
33%
Michael DempseyTHE CUREOui
33%
.Mark CeccagnoTHE CUREOui
30%
Peter O'TooleTHE CUREOui
23%
Tony CurrentiAC/DCOui
21%
Dave EvansAC/DCOui
19%
Doug SandomTHE WHOOui
19%
Bob KlosePINK FLOYDOui
14%
Colin BurgessAC/DCOui
12%

Distribution des résultats

Percentile par nombre de réponses

% des personnes avec chaque résultat

Votre développement - résultats

Vous n’avez pas pris ce quiz